| 000 | 00425nam a2200193Ia 4500 | ||
|---|---|---|---|
| 001 | 12772 | ||
| 003 | GE_BSU | ||
| 008 | 181216s||||||||xx |||||||||||||| ||und|| | ||
| 040 | _cGE_BSU | ||
| 080 | _a821.111-32 | ||
| 100 | _aRoche De La Mazo. | ||
| 245 | 4 | _aThe Master of Jalma. | |
| 260 | _aLondon. | ||
| 260 | _bPan Books LTD. | ||
| 260 | _c1965 | ||
| 300 | _a271p;18cm. | ||
| 653 | _aThe Master of Jalma. | ||
| 942 | _cBK | ||
| 999 |
_c45943 _d45943 |
||